<?xml version="1.0" encoding="UTF-8"?>
<record
    xmlns:xsi="http://www.w3.org/2001/XMLSchema-instance"
    xsi:schemaLocation="http://www.loc.gov/MARC21/slim http://www.loc.gov/standards/marcxml/schema/MARC21slim.xsd"
    xmlns="http://www.loc.gov/MARC21/slim">

  <leader>01696    a2200229   4500</leader>
  <controlfield tag="001">59201</controlfield>
  <controlfield tag="005">20260407155846.0</controlfield>
  <controlfield tag="008">260407a2009    arg                 spa d</controlfield>
  <controlfield tag="003">AR-UNSa-BCEJYS</controlfield>
  <datafield tag="040" ind1=" " ind2=" ">
    <subfield code="a">AR-UNSa-BCEJYS</subfield>
    <subfield code="b">spa</subfield>
    <subfield code="c">AR-UNSa-BCEJYS</subfield>
  </datafield>
  <datafield tag="080" ind1=" " ind2=" ">
    <subfield code="a">331.5</subfield>
    <subfield code="x">Mercado de Trabajo. Empleo</subfield>
  </datafield>
  <datafield tag="245" ind1="1" ind2="0">
    <subfield code="a">El nuevo escenario laboral latinoamericano</subfield>
    <subfield code="p">regulaci&#xF3;n, protecci&#xF3;n y pol&#xED;ticas activas en los mercados de trabajo</subfield>
  </datafield>
  <datafield tag="020" ind1=" " ind2=" ">
    <subfield code="a">978-987-629-087-6</subfield>
  </datafield>
  <datafield tag="264" ind1=" " ind2="1">
    <subfield code="a">Buenos Aires :</subfield>
    <subfield code="b">Siglo XXI Editores Argentina</subfield>
    <subfield code="c">2009</subfield>
  </datafield>
  <datafield tag="300" ind1=" " ind2=" ">
    <subfield code="a">318 p.</subfield>
    <subfield code="c">23 cm.</subfield>
  </datafield>
  <datafield tag="505" ind1=" " ind2=" ">
    <subfield code="a">1. Avances y retos para el perfeccionamiento de la institucionalidad laboral en Am&#xE9;rica Latina / J&#xFC;rgen Weller - 2. El modelo dan&#xE9;s de "flexiguridad" y las lecciones pertinentes para Am&#xE9;rica Latina / Henning Jorgensen - 3. Flexibilidad laboral y seguridad del trabajador: una perspectiva argentina / Adri&#xE1;n Goldin - 4. Flexibilidad y seguridad en el mercado de trabajo: en busca de alternativas para mejorar la protecci&#xF3;n social de los trabajadores brasile&#xF1;os / Jos&#xE9; Paulo Zeetano Chahad - 5. Flexibilidad, protecci&#xF3;n y pol&#xED;ticas activas en Chile / Mario D. Vel&#xE1;squez Pinto - 6. M&#xE9;xico: las dimensiones de la flexiguridad laboral / Clemente Ruiz Dur&#xE1;n - 7. Retos pendientes para implementar la flexiguridad en el Per&#xFA; / Jorge Toyama Miyagusuku, en colaboraci&#xF3;n con Victoria Rosas Chav&#xE9;z y Marta Tostes Vieira - 8. Flexiguridad con informalidad : opciones y restricciones / V&#xED;ctor E. Tokman</subfield>
  </datafield>
  <datafield tag="041" ind1=" " ind2=" ">
    <subfield code="a">spa</subfield>
  </datafield>
  <datafield tag="942" ind1=" " ind2=" ">
    <subfield code="c">BK</subfield>
  </datafield>
  <datafield tag="590" ind1=" " ind2=" ">
    <subfield code="a">niveau_biblio:m niveau_hierar:0</subfield>
  </datafield>
  <datafield tag="100" ind1="1" ind2=" ">
    <subfield code="a">Weller, J&#xFC;rgen</subfield>
  </datafield>
  <datafield tag="856" ind1="4" ind2="1">
    <subfield code="u">https://biblioeco.unsa.edu.ar/pmb/images/libros/L129017.jpg</subfield>
    <subfield code="y">Imagen de portada</subfield>
    <subfield code="q">image/jpeg</subfield>
  </datafield>
  <datafield tag="999" ind1=" " ind2=" ">
    <subfield code="c">6620</subfield>
    <subfield code="d">6620</subfield>
  </datafield>
  <datafield tag="952" ind1=" " ind2=" ">
    <subfield code="0">0</subfield>
    <subfield code="1">0</subfield>
    <subfield code="4">0</subfield>
    <subfield code="7">0</subfield>
    <subfield code="a">BCEJYS</subfield>
    <subfield code="b">BCEJYS</subfield>
    <subfield code="c">16</subfield>
    <subfield code="d">2026-04-07</subfield>
    <subfield code="l">0</subfield>
    <subfield code="o">331.5 W447</subfield>
    <subfield code="p">L129017</subfield>
    <subfield code="r">2026-04-07 15:58:46</subfield>
    <subfield code="w">2026-04-07</subfield>
    <subfield code="y">L</subfield>
  </datafield>
</record>
